| 000 | 00639nac a22001811u 4500 | ||
|---|---|---|---|
| 010 | _a 99053633 | ||
| 020 | _a0201648563 (pbk.) | ||
| 082 | 0 | 0 |
_a005.1 _bB4331 |
| 090 |
_c430 _d430 |
||
| 100 | _aBell, Doug, | ||
| 245 | 1 | 0 |
_aSoftware engineering : _ba programming approach / _cDouglas Bell. |
| 250 | _a3rd ed. | ||
| 260 |
_aHarlow, England ; _aNew York : _bAddison Wesley, _c2000. |
||
| 300 |
_axvi, 470 p. : _bill. ; _c23 cm. |
||
| 650 | 0 | _aSoftware engineering. | |
| 942 |
_cBB _k005.1B4331 |
||
| 999 |
_c430 _d430 |
||